000 01181nam a2200301 4500
001 0000019936
003 CO-CtgCURN
005 20250331185207.0
007 ta
008 160627s2001 000 0 eng d
020 _a8445809946
040 _aCO-CtgCURN
_bspa
_ccoctgcurn
082 0 _a616.5
_bR927m
100 1 _aRycroft, Richard J.
245 1 0 _aManual en color de dermatología /
_cRichard J. Rycroft , Stuart Robertson.
260 _aMadrid :
_bMasson,
_c2001.
300 _a220 p.
336 _2rdacontent
337 _2rdamedia
_asin mediacion
_bn
338 _2rdacarrier
_avolumen
_bnc
500 _aIncluye indice Alfabetico de Materias.
505 8 _aEccemas.--Dermatitis de contacto.--Dermatitis ocupacionales no eccematosas.--Urticaria de contacto.--Dermatitis perioral.--Acne vulgar.--Dermatosis genitales y perianales.--Tumores benignos de origen epidermico.--Dermatosis genitales y perionales
650 1 4 _aMedicina
_vExamenes, preguntas / Dermatología
_xExamenes, preguntas.
700 1 _aRobertson, Stuar J.
908 _a160627
942 _cBK
_h616.5
_iR927m
_2ddc
999 _c22525
_d22525